| 000 | 00581nam a2200181Ia 4500 | ||
|---|---|---|---|
| 008 | 100920s9999 xx 000 0 und d | ||
| 082 |
_b65419 _a28 व ... थ 92 |
||
| 100 | _aसानपेगुरूजी. | ||
| 245 | _aशबरी. | ||
| 260 |
_bइंद्रायणी साहित्य प्रकाशन पुणे 30. _c1992 |
||
| 300 |
_a36 _bसाधी |
||
| 365 | _b8 | ||
| 520 | _aबा.वि.कादंबरी. | ||
| 630 | _aशबरी. | ||
| 650 | _aबा.वि.कादंबरी. | ||
| 730 | _aशबरी. | ||
| 942 | _cBOOK | ||
| 999 |
_c708192 _d708189 |
||